[Event "Sharjah Master 2024"]
[Site "Shsrjah - Abu Dhabi"]
[Date "2024.05.20"]
[Round "?"]
[White "Gledura, Benjamin"]
[Black "Gavrilescu, David"]
[Result "1-0"]
[WhiteElo "2619"]
[BlackElo "2538"]
[PlyCount "121"]
[EventDate "2024.05.14"]
[EventCountry "UAE"]

{[%evp 9,121,5,8,3,22,2,27,25,28,25,23,24,18,-1,-7,-6,7,7,11,7,5,7,11,10,17,20,25,9,8,12,5,7,15,5,18,18,32,22,23,22,21,13,23,20,23,21,28,26,25,23,31,18,17,8,17,17,29,10,14,12,14,12,24,23,49,24,30,25,64,63,74,90,61,48,91,31,49,63,273,287,367,355,363,356,395,392,411,216,399,402,394,404,395,402,376,374,400,383,380,364,406,406,423,412,542,542,543,543,498,501,502,497,500,480]} 1. Nf3 d5 2. e3 Nf6 3. c4 e6 4. Nc3 c5 5. cxd5 exd5 6. Bb5+ Nc6 7. Ne5 Bd7 (7... Qc7 {looks sharper.} 8. Qa4 Bd6 9. Nxc6 O-O 10. Nxa7 d4) 8. Bxc6 {White has an edge.} bxc6 9. Nxd7 Nxd7 10. O-O Bd6 11. d3 $146 ({RR} 11. b3 O-O 12. Ba3 Qc7 13. h3 a5 (13... Qa5 $11 {keeps the balance.} 14. Na4 Nb6) 14. Na4 c4 15. Bxd6 Qxd6 16. bxc4 dxc4 17. Rc1 Ne5 18. f4 Nd3 19. Rxc4 Rad8 20. Qb1 c5 21. Rc3 h5 22. Rd1 $2 (22. Nb6 $18) 22... h4 $2 (22... Nxf4 $1 $11 {and Black is okay.} 23. exf4 Qd4+ 24. Kh1 Qxa4) 23. Nb2 Nxb2 24. Qxb2 Rfe8 (24... Qa6 $16 {might work better.} 25. Rxc5 Qe2) 25. Qc2 (25. Qb5 $18) 25... Rc8 {Keymer,V (2743)-Shuvalova,P (2475) chess.com INT 2024 1-0 (41)}) 11... O-O 12. e4 Be5 13. exd5 Bxc3 14. dxc6 Bd4 {And now ...Ne5 would win.} 15. cxd7 Qxd7 16. Rb1 {[%cal Ba1b1,Bb1b2,Bb2c2][%mdl 32]} Rfe8 17. b3 Rad8 18. Bb2 Bxb2 19. Rxb2 Qxd3 20. Qxd3 Rxd3 $11 {[%mdl 4096] Endgame KRR-KRR} 21. Rc2 Rd5 22. Rfc1 g6 23. Kf1 Ree5 24. Re1 Rf5 25. h4 Rd4 26. g3 Kf8 27. Re3 Rb4 28. Rec3 Rb5 $1 29. Rd2 Ra5 30. Re3 Ra3 31. Ke2 h5 32. Re4 Rf6 33. Rc4 Re6+ 34. Kd1 Rea6 35. Rcc2 Ke7 36. Kc1 R3a5 37. Kb1 Rd6 38. Kb2 Rb5 39. Re2+ Re6 40. a4 Ra5 41. Rxe6+ Kxe6 $14 {KR-KR} 42. Re2+ $6 {Inaccuracy. Rc3 was best.} (42. Rc3 $1) ({White should try} 42. Rc3 $16) 42... Kd6 43. Rd2+ Ke6 $4 {[#] Blunder. Kc6 was best.} (43... Kc6 $1) (43... Kc6 $1 $14) 44. Kc3 $1 $18 {[%cal Rc3c4]} Ra6 {[#]} 45. Kc4 $1 {[%cal Rc4c5]} Rb6 46. Rd3 ({Less strong is} 46. Kxc5 Rxb3 47. Rd6+ Ke7 $14) 46... Rb4+ $6 {Inaccuracy. a5 was best.} (46... a5 47. Kxc5 Rb7 48. Rd6+ Ke5 49. Rb6 Ra7 50. Rb5 Ra6 51. b4 axb4 52. Rxb4) 47. Kxc5 a5 48. Kc6 $2 {Mistake. Rd6+ was best.} (48. Rd6+ Kf5 49. Rb6 Re4 50. Rb5 Kg4 51. b4 Re2 52. Rxa5 Rxf2 53. b5 Rc2+) (48. Rd6+ $142 Kf5 49. Rb6) 48... f6 $6 {Inaccuracy. Kf6 was best.} (48... Kf6 49. Rd6+) (48... Kf6 {was called for.} 49. Rd6+ Ke7 50. Rd7+ Ke6) 49. Rd6+ Kf5 50. Rd5+ {[%mdl 64] Double Attack} Kg4 51. Rb5 Re4 52. Rxa5 Kf3 53. Rc5 Kxf2 54. Rc3 g5 55. a5 {[%cal Ba4a5,Ba5a6][%mdl 32]} gxh4 56. gxh4 f5 57. a6 {White is clearly winning.} Re6+ 58. Kb7 Re7+ 59. Rc7 Re3 60. b4 Rb3 61. Rc4 {Accuracy: White = 86%, Black = 70%.} (61. Rc5 $2 {61.c4 4.81}) 1-0

[Event "Sharjah Master 2024"]
[Site "Shsrjah - Abu Dhabi"]
[Date "2024.05.20"]
[Round "?"]
[White "Sivuk, Vitaly"]
[Black "Petrosyan, Manuel"]
[Result "1/2-1/2"]
[WhiteElo "2541"]
[BlackElo "2616"]
[PlyCount "82"]
[EventDate "2024.05.14"]
[EventCountry "UAE"]

1. e4 (1. e3) 1... e5 2. f4 $6 {Inaccuracy. Nf3 was best.} (2. Nf3 Nc6 3. Bb5 Nf6 4. O-O Nxe4 5. Re1 Nd6 6. Nxe5 Be7) 2... exf4 3. Nf3 h6 4. Bc4 g5 5. d4 Bg7 6. O-O $6 {Inaccuracy. h4 was best.} (6. h4 d6 7. Qd3 Nc6 8. Nc3 Bg4 9. Bb5 Bd7 10. Bxc6 Bxc6) 6... Ne7 $6 {Inaccuracy. d6 was best.} (6... d6 7. h4 Nc6 8. c3 Qf6 9. Na3 Bd7 10. Bd3 Nge7 11. Nc4) 7. g3 d5 8. exd5 fxg3 9. Ne5 gxh2+ 10. Kh1 $6 {Inaccuracy. Kxh2 was best.} (10. Kxh2 O-O) 10... O-O 11. Nc3 b5 12. Bb3 Bb7 $4 {Blunder. Nf5 was best.} (12... Nf5 13. Ne4 c5 14. dxc6 Bxe5 15. dxe5 Qxd1 16. Rxd1 Nxc6 17. Bd5 Nfe7 18. Nf6+) 13. Qh5 $6 {Inaccuracy. Bxg5 was best.} (13. Bxg5 hxg5 14. Nxf7 Qe8 15. Kxh2 Nd7 16. d6 Nf6 17. Nd8+ Kh8 18. dxe7 Rxd8) 13... Ng6 $4 {Blunder. Nd7 was best.} (13... Nd7) 14. Ng4 b4 15. Ne2 $4 {Blunder. Nxh6+ was best.} (15. Nxh6+ Bxh6 16. Qxh6 Qd6 17. Qxg5 Nd7 18. Ne4 Qe7 19. Qg2 Rae8 20. Rf4 Kg7) 15... Bxd5+ 16. Kxh2 Bxb3 17. axb3 Qd6+ 18. Ng3 Nh4 $4 {Blunder. Ne7 was best.} (18... Ne7) 19. Bxg5 hxg5 20. Qxg5 Ng6 21. Nf6+ Bxf6 22. Rxf6 Qxd4 23. Nf5 Qf4+ 24. Qxf4 Nxf4 25. Ne7+ Kg7 26. Rxf4 Rh8+ 27. Kg3 Nd7 28. Rxb4 Ne5 29. Rb7 c6 30. Ra5 Kf6 31. b4 $4 {Blunder. Ra6 was best.} (31. Ra6 Ke6 32. b4 f5 33. Nxc6 Rag8+ 34. Kf2 Rh2+ 35. Kf1 Rh1+ 36. Kf2 Rh2+) 31... Rhe8 $4 {Blunder. Rh5 was best.} (31... Rh5 32. Rc7 Rah8 33. Rxc6+ Nxc6 34. Rxh5 Rxh5 35. Nxc6 a6 36. Nb8 a5 37. Na6) 32. Rc5 Rxe7 33. Rxe7 Rg8+ 34. Kh3 Kxe7 35. Rxe5+ Kd6 36. Ra5 Re8 37. Rxa7 Re2 38. c4 Rxb2 39. b5 cxb5 40. cxb5 Rxb5 41. Rxf7 Ke5 1/2-1/2

[Event "Sharjah Master 2024"]
[Site "Shsrjah - Abu Dhabi"]
[Date "2024.05.20"]
[Round "?"]
[White "Theodorou, Nikolas"]
[Black "Madaminov, Mukhiddin"]
[Result "1/2-1/2"]
[WhiteElo "2616"]
[BlackElo "2504"]
[PlyCount "99"]
[EventDate "2024.05.14"]
[EventCountry "UAE"]

1. Nf3 Nf6 2. d4 d5 3. Bf4 c5 4. e3 Nc6 5. Nbd2 e6 6. c3 Be7 7. Ne5 Nd7 8. h4 $146 ({RR} 8. Bd3 Ndxe5 9. dxe5 Bd7 10. Nf3 g5 11. Bg3 h5 12. h3 Qb6 13. Qc2 O-O-O 14. O-O-O Kb8 15. h4 g4 16. Ng5 Rhf8 17. f4 c4 18. Rhe1 cxd3 19. Qxd3 Rc8 20. Kb1 Na5 21. Ka1 Ba4 22. Rb1 Nb3+ {Bharath,S (2515)-Suyarov,M (2413) chess.com INT 2024 0-1}) ({RR} 8. Nxd7 Bxd7 9. Bd3 g5 10. Bg3 h5 11. h3 h4 12. Bh2 Qb6 13. Rb1 Qa5 14. dxc5 Qxc5 15. e4 d4 16. O-O e5 17. Nb3 Qd6 18. cxd4 Nxd4 19. Bc4 Nxb3 20. Qxb3 O-O 21. Rfd1 Qc7 22. Qc3 Rac8 {Grischuk,A (2732)-Holt,C (2540) chess.com INT 2024 1-0 (64)}) ({RR} 8. Bd3 Ndxe5 9. dxe5 g5 10. Bg3 h5 11. h3 Bd7 12. Be2 Qb6 13. Rb1 h4 14. Bh2 Qa5 15. a3 Qc7 16. e4 Nxe5 17. exd5 exd5 18. Nf3 Nxf3+ 19. Bxf3 Bd6 20. Bxd6 Qxd6 21. Qxd5 Qe7+ 22. Qe4 Bf5 {Abdurakhmonov,M (2405)-Suyarov,M (2405) Tashkent UZB 2024 0-1 (52)}) 8... Ndxe5 9. dxe5 f6 10. exf6 Bxf6 11. Qh5+ g6 12. Qh6 Qe7 13. Bg5 Qg7 14. Qxg7 Bxg7 15. Bd3 Ne5 16. Bc2 b6 17. Nf3 Nxf3+ 18. gxf3 Bd7 19. O-O-O Kf7 20. h5 Bf6 21. f4 gxh5 22. Rxh5 h6 23. Bxf6 Kxf6 24. Rdh1 Kg7 25. Rg1+ Kf7 26. Rg6 Rag8 27. Rhxh6 Rxh6 28. Rxh6 Rg2 29. Rh7+ Ke8 30. f3 a5 31. Rh6 Ke7 32. Bd1 Bb5 33. e4 Rg1 34. exd5 exd5 35. f5 Bd3 36. Rxb6 Bxf5 37. Kd2 Rg2+ 38. Ke3 $6 {Inaccuracy. Kc1 was best.} (38. Kc1 Bd3) 38... Bb1 39. a3 d4+ 40. cxd4 cxd4+ 41. Kf4 Rd2 42. Ba4 d3 43. Ke3 Re2+ 44. Kd4 Rf2 45. Rb7+ Kd6 46. Ke3 Re2+ 47. Kd4 Rf2 48. Ke3 Re2+ 49. Kd4 Rf2 50. Ke4 1/2-1/2

[Event "Sharjah Master 2024"]
[Site "Shsrjah - Abu Dhabi"]
[Date "2024.05.20"]
[Round "?"]
[White "Safarli, Eltaj"]
[Black "Gholami Orimi, Mahdi"]
[Result "1/2-1/2"]
[WhiteElo "2594"]
[BlackElo "2470"]
[PlyCount "36"]
[EventDate "2024.05.14"]
[EventCountry "UAE"]

1. e4 e5 2. Bc4 Nf6 3. Nc3 Nxe4 4. Qh5 Nd6 5. Qxe5+ Qe7 6. Qxe7+ Bxe7 7. Be2 O-O ({RR} 7... c6 8. Nf3 Nf5 9. g4 Nh4 10. Nxh4 Bxh4 11. Ne4 Be7 12. d4 d5 13. Ng3 O-O 14. Bf4 c5 15. O-O-O cxd4 16. Rxd4 Be6 17. Nf5 Bc5 18. Rd2 Nc6 19. Bd6 Bxd6 20. Nxd6 b6 21. f4 Rad8 22. Nb5 {Pranav,V (2604)-Baklan,V (2531) Sant Ferran de ses Roques ESP 2024 1-0 (73)}) 8. Nf3 $146 ({RR} 8. d4 c6 9. Nf3 Nf5 10. d5 Bb4 11. Bf4 Re8 12. O-O-O g5 13. Bxg5 Bxc3 14. Bd3 Bxb2+ 15. Kxb2 Ng7 16. Rhe1 Rxe1 17. Rxe1 d6 18. Bf4 Bg4 19. Bxd6 cxd5 20. Re7 Nc6 21. Rxb7 Ne6 22. Ne5 Nxe5 {Schulze,L (2285)-Piddubna,B (2035) Monaco MNC 2024 1-0 (33)}) 8... Nf5 9. d4 Bb4 10. Bd2 Bxc3 11. Bxc3 Re8 12. Kd2 d5 13. Rae1 Nc6 14. Bd3 Bd7 15. h4 f6 16. Rxe8+ Rxe8 17. Bxf5 Bxf5 18. Re1 Kf7 1/2-1/2

[Event "Sharjah Master 2024"]
[Site "Shsrjah - Abu Dhabi"]
[Date "2024.05.20"]
[Round "?"]
[White "Gurel, Ediz"]
[Black "Assaubayeva, Bibisara"]
[Result "1-0"]
[WhiteElo "2578"]
[BlackElo "2481"]
[PlyCount "93"]
[EventDate "2024.05.14"]
[EventCountry "UAE"]

1. c4 Nf6 2. Nc3 g6 3. e4 d6 4. d4 Bg7 5. Be2 O-O 6. Nf3 e5 7. O-O exd4 8. Nxd4 Nc6 9. Nc2 Re8 10. f3 Nh5 11. Nd5 ({RR} 11. Kh1 Qh4 12. Qe1 Qxe1 13. Rxe1 Bxc3 14. bxc3 b6 15. Nb4 Bd7 16. Nd5 Rec8 17. g4 {1-0 (17) Navara,D (2679)-Gokerkan,C (2523) chess.com INT 2024}) 11... f5 $146 ({RR} 11... Be6 12. Rf2 a6 13. a4 a5 14. Ra3 Nb8 15. f4 Nf6 16. Nxf6+ Bxf6 17. f5 Bd7 18. Raf3 g5 19. h4 gxh4 20. Rf4 Nc6 21. Ne3 Kh8 22. Nd5 Be5 23. Bh5 Rf8 24. Rg4 Ne7 25. Nf4 Rg8 26. Bxf7 {Chigaev,M (2621)-Gokerkan,C (2523) Samarkand UZB 2023 1-0 (35)}) 12. g4 Nf6 13. gxf5 gxf5 14. Bg5 Ne5 15. f4 $6 {Inaccuracy. Kh1 was best.} (15. Kh1 Kh8 16. Nd4 c6 17. Ne3 fxe4 18. fxe4 h6 19. Bh4 Ng6 20. Bxf6 Bxf6) 15... Nf7 16. Bxf6 Bxf6 17. Bh5 Rf8 18. Kh1 Nh6 19. e5 dxe5 20. fxe5 Bg7 $4 {Blunder. Bxe5 was best.} (20... Bxe5) 21. Qe2 Be6 22. Rad1 Bxd5+ $6 {Inaccuracy. Kh8 was best.} (22... Kh8 23. Nf4 Qe7 24. Nd4 Bg8 25. e6 Ng4 26. b3 c5 27. Nf3 Bh6 28. Rd7) 23. Rxd5 Qe7 24. e6 Rad8 25. Rfd1 Rd6 26. Rxd6 cxd6 27. c5 Be5 28. cxd6 Qxe6 29. d7 Rd8 30. Nd4 Qe7 31. Qc4+ Kh8 32. Ne6 Rxd7 33. Qc8+ Ng8 34. Rxd7 Qh4 35. Qxg8+ Kxg8 36. Rd8+ Qxd8 37. Nxd8 Bxb2 38. Nxb7 Kg7 39. Kg2 Ba3 40. Na5 Kf6 41. Be2 h6 42. Kf3 Kg5 43. Nc4 Bc5 44. Bd3 Bg1 45. h3 Bc5 46. Ne3 f4 47. Ng2 1-0

[Event "Sharjah Master 2024"]
[Site "Shsrjah - Abu Dhabi"]
[Date "2024.05.20"]
[Round "?"]
[White "Nesterov, Arseniy"]
[Black "Esipenko, Andrey"]
[Result "1/2-1/2"]
[WhiteElo "2589"]
[BlackElo "2703"]
[PlyCount "34"]
[EventDate "2024.05.14"]
[EventCountry "UAE"]

1. d4 Nf6 2. c4 g6 3. Nc3 Bg7 4. e4 d6 5. Be2 O-O 6. Nf3 e5 7. O-O exd4 8. Nxd4 Re8 9. f3 c6 10. Kh1 d5 11. cxd5 cxd5 12. Bg5 ({RR} 12. Bb5 Nbd7 13. Bg5 Qb6 14. Bxf6 Nxf6 15. Bxe8 Nxe8 16. e5 Qxb2 17. Nxd5 Bxe5 18. Re1 Bh3 19. Nc2 Bf5 20. Ne7+ Kf8 21. Nxf5 gxf5 22. Rb1 Qc3 23. Rxb7 Rc8 24. Qd7 Nd6 25. Qe7+ Kg8 26. Rb3 Qxc2 {Le,Q (2731)-Firouzja,A (2760) chess.com INT 2024 1-0 (35)}) 12... Nc6 13. exd5 $146 {Inaccuracy. Bb5 was best.} (13. Bb5 h6 14. Nxc6 bxc6 15. Bxc6 hxg5 16. Bxa8 d4 17. Ne2 Bd7 18. Bd5 Nxd5) ({RR} 13. Bb5 Bd7 14. Nxd5 h6 15. Bxf6 Bxf6 16. Bxc6 bxc6 17. Nxf6+ Qxf6 18. Qd2 Red8 19. Qc3 c5 20. Ne2 Qb6 21. Rfd1 Be6 22. b3 c4 23. bxc4 Rxd1+ 24. Rxd1 Rc8 25. Nf4 Rxc4 26. Qf6 Rc8 27. Nxe6 Qxe6 {Zemlyanskii,I (2492)-Budhidharma,N (2166) chess.com INT 2023 1-0 (42)}) ({RR} 13. Bb5 h6 14. Nxc6 bxc6 15. Bxc6 hxg5 16. Bxa8 d4 17. Ne2 Qb6 18. Rc1 Bd7 19. Bd5 Nxd5 20. exd5 Qxb2 21. Ng3 Qxa2 22. d6 Qd5 23. Ne4 Rxe4 24. fxe4 Qxd6 25. Qc2 Be5 26. Qc5 Bxh2 27. Qxd6 Bxd6 {Dragun,K (2553)-Guseinov,G (2636) chess.com INT 2024 ½-½ (95)}) ({RR} 13. Bb5 h6 14. Nxc6 bxc6 15. Bxc6 hxg5 16. Bxa8 d4 17. Nd5 Ba6 18. Bc6 Re6 19. Qa4 Bxf1 20. Rxf1 Nxd5 21. Bxd5 Re7 22. Rc1 Qd6 23. g3 Kh7 24. Qc4 Qf6 25. Qd3 Qb6 26. b3 Qa5 27. a4 Be5 {Zhong,K (2036)-Wang,X (1768) Shanghai CHN 2024 1-0 (36)}) 13... Nxd4 14. Qxd4 Nxd5 15. Qxd5 Qxd5 16. Nxd5 Rxe2 17. Rae1 Rxe1 1/2-1/2

[Event "Sharjah Master 2024"]
[Site "Shsrjah - Abu Dhabi"]
[Date "2024.05.20"]
[Round "?"]
[White "Sjugirov, Sanan"]
[Black "Moroni, Luca Jr"]
[Result "1/2-1/2"]
[WhiteElo "2691"]
[BlackElo "2580"]
[PlyCount "81"]
[EventDate "2024.05.14"]
[EventCountry "UAE"]

1. e4 e5 2. Nf3 Nc6 3. Bb5 a6 4. Ba4 Nf6 5. O-O b5 6. Bb3 Bc5 7. a4 Rb8 8. c3 d6 9. d4 Bb6 10. axb5 axb5 11. Na3 O-O 12. Nxb5 Bg4 13. Bc2 Bxf3 14. gxf3 exd4 15. Nxd4 Nxd4 16. cxd4 Nh5 17. Kh1 Qf6 18. Ra4 Ra8 $146 ({RR} 18... c5 19. e5 Qe6 20. d5 Qd7 21. Rh4 g6 22. Rxh5 gxh5 23. Qd3 f5 24. e6 Qe7 25. Rg1+ Kh8 26. Bd2 Rf6 27. Bc3 Rg8 28. Rg3 Rxg3 29. hxg3 Kg8 30. Qb5 Bd8 31. Bxf6 Qxf6 32. Qe8+ Kg7 33. Qxh5 {Sjugirov,S (2690)-Shirov,A (2658) chess.com INT 2024 1-0 (35)}) 19. Be3 Rxa4 20. Bxa4 Ra8 21. Bd7 g6 22. Rg1 Ra2 23. Bg4 Nf4 24. Bf5 Nh5 25. Bg4 Nf4 26. Qd2 Ne6 27. e5 dxe5 28. dxe5 Qxe5 29. Bxe6 Qxe6 30. Qd8+ Kg7 31. Bd2 Qd6 32. Bc3+ f6 33. Rd1 Qxd8 34. Rxd8 g5 35. f4 gxf4 36. Kg2 Ra4 37. Kf3 Rc4 38. Re8 Kf7 39. Rh8 Kg7 40. Re8 Kf7 41. Rh8 1/2-1/2

[Event "Sharjah Master 2024"]
[Site "Shsrjah - Abu Dhabi"]
[Date "2024.05.20"]
[Round "?"]
[White "Mchedlishvili, Mikheil"]
[Black "Yilmaz, Mustafa"]
[Result "1/2-1/2"]
[WhiteElo "2567"]
[BlackElo "2641"]
[PlyCount "28"]
[EventDate "2024.05.14"]
[EventCountry "UAE"]

1. d4 Nf6 2. c4 e6 3. Nf3 d5 4. g3 dxc4 5. Bg2 c5 6. O-O Nc6 7. dxc5 Qxd1 8. Rxd1 Bxc5 9. Nbd2 c3 10. bxc3 O-O 11. Bb2 Bd7 12. Ne1 Rfd8 13. Nd3 Be7 14. c4 b6 $146 ({RR} 14... Rac8 15. Rab1 b6 16. Nb3 Nb8 17. Rdc1 Bc6 18. c5 bxc5 19. Nbxc5 Bxg2 20. Bxf6 gxf6 21. Kxg2 Rc7 22. g4 Rdc8 23. Nb3 Nd7 24. Rxc7 Rxc7 25. Nd4 Nb6 26. Rb5 Rc4 27. e3 Rc3 28. Ne1 Ra3 29. Nc6 {Marentini,M (2102)-Jahn,P (2068) Rottach-Egern GER 2024 0-1 (66)}) 1/2-1/2

[Event "Sharjah Master 2024"]
[Site "Shsrjah - Abu Dhabi"]
[Date "2024.05.20"]
[Round "?"]
[White "Banusz, Tamas"]
[Black "Dudin, Gleb"]
[Result "1-0"]
[WhiteElo "2623"]
[BlackElo "2554"]
[PlyCount "91"]
[EventDate "2024.05.14"]
[EventCountry "UAE"]

{[%evp 11,91,0,6,7,12,3,17,3,26,22,23,25,52,57,60,70,74,37,48,50,53,43,86,85,89,74,74,77,105,76,121,119,168,168,169,164,164,170,163,129,131,119,220,218,218,218,218,217,229,215,213,218,330,282,334,196,247,247,334,334,333,328,337,331,362,357,341,301,396,357,349,344,406,388,410,402,397,407,435,438,429,425]} 1. d4 Nf6 2. g3 d5 3. Nf3 Bf5 4. Bg2 h6 5. c4 c6 6. Nc3 e6 7. Qb3 Qb6 8. c5 Qxb3 9. axb3 {The position is equal.} Na6 10. Ra4 Nd7 $146 ({RR} 10... Bc2 11. Bf4 Bxb3 12. Ra3 Bc2 13. O-O Nh5 14. Bd2 Be7 (14... g5 $16) 15. Rc1 Bh7 16. Rb3 b6 17. cxb6 axb6 18. Rxb6 (18. Na4 $18) 18... Nb8 (18... O-O $16 {was necessary.}) 19. Ne5 Bd8 (19... O-O $16 20. f3 Nf6) 20. Rb7 O-O 21. Bh3 f5 22. Bf1 Nf6 23. Nd1 Ne4 24. Bb4 Re8 25. f3 {Schrems,H (2032)-Kannenberg,K (2108) Rottach-Egern GER 2024 1-0 (50)}) 11. h4 e5 12. b4 $36 {[%cal Bb3b4,Bb4b5,Bb5c6][%mdl 2080] White has the initiative.} Bc2 13. Rxa6 $1 bxa6 14. dxe5 {Nd4 is the strong threat.} a5 15. b5 Bxc5 16. bxc6 Nb6 17. Be3 Bxe3 18. fxe3 Be4 19. Bh3 O-O 20. Kf2 $6 {Inaccuracy. O-O was best.} (20. O-O Bxf3) 20... Bxf3 $6 {Inaccuracy. f6 was best.} (20... f6 $1) 21. exf3 Rac8 22. Bxc8 Rxc8 $18 {[%mdl 4096] Endgame KRN-KRN} 23. Ra1 Rxc6 24. Rxa5 {[%mdl 64] [#] Double Attack} Nc4 25. Rxd5 Nxb2 26. Ne2 Nc4 $2 {Mistake. a5 was best.} (26... a5 27. Rd8+) (26... a5 $16) 27. Rd8+ Kh7 28. f4 a5 29. Ra8 Rb6 30. Nd4 Rb2+ 31. Kf3 h5 $6 {Inaccuracy. Nd2+ was best.} (31... Nd2+ 32. Ke2 Ne4+ 33. Kd3 Nxg3 34. Ra7 Kg8 35. f5 Rb8 36. e4 a4 37. Rxa4) (31... Nd2+ $142 32. Kg4 Nf1) 32. Ra7 Kg8 33. e6 $6 {Inaccuracy. Ra8+ was best.} (33. Ra8+ Kh7 34. Ke4 Nd2+ 35. Kd3 g6 36. Kc3 Ra2 37. Nc2 Nf1 38. Kb3 Rxc2) (33. Ra8+ $142 Kh7 34. Ra7) 33... Nd2+ $6 {Inaccuracy. fxe6 was best.} (33... fxe6 34. Nxe6 g6 35. f5 gxf5 36. Kf4 Rb3 37. Ng7 Rxe3 38. Nxh5 Kf8 39. Kxf5) 34. Ke2 Nb3+ $6 {Inaccuracy. fxe6 was best.} (34... fxe6 35. Nxe6 Ne4+ 36. Kd3 Nf2+ 37. Kd4 g6 38. Ng5 Rb3 39. e4 Rxg3 40. Kd5) 35. Kd3 Nc5+ {[#]} 36. Kc3 $1 Na4+ 37. Kc4 Nb6+ 38. Kd3 fxe6 39. Rxa5 Kf7 40. Rxh5 Rg2 41. Rg5 Nd5 42. f5 exf5 43. Nxf5 Nb4+ 44. Kc4 Nc2 45. Rxg7+ Kf6 46. Rg5 {Accuracy: White = 81%, Black = 53%.} 1-0

[Event "Sharjah Master 2024"]
[Site "Shsrjah - Abu Dhabi"]
[Date "2024.05.20"]
[Round "?"]
[White "Yilmazyerli, Mert"]
[Black "Ivanchuk, Vasyl"]
[Result "1/2-1/2"]
[WhiteElo "2522"]
[BlackElo "2609"]
[PlyCount "50"]
[EventDate "2024.05.14"]
[EventCountry "UAE"]

1. d4 Nf6 2. c4 e6 3. Nf3 a6 4. Nc3 d5 5. cxd5 exd5 6. Bg5 Be6 7. e3 Nbd7 8. h3 Bd6 9. Bd3 c6 10. Bf4 Qc7 11. Bxd6 Qxd6 12. O-O O-O 13. Qc2 g6 14. Rad1 $146 ({RR} 14. Rfc1 Qe7 15. Na4 Ne8 16. b4 Nd6 17. Nc5 Nb6 18. a4 Bf5 19. Bxf5 Nxf5 20. b5 cxb5 21. axb5 a5 22. e4 dxe4 23. Qxe4 Qxe4 24. Nxe4 Nd5 25. Rc5 Nfe7 26. Nc3 Nxc3 27. Rxc3 Rfc8 28. Rxc8+ Nxc8 {Omonov,A (2401)-Shimanov,A (2578) Moscow RUS 2024 0-1 (59)}) ({RR} 14. Rfc1 Qe7 15. a4 Ne8 16. b4 Nd6 17. b5 cxb5 18. axb5 a5 19. Na4 Rfc8 20. Qb2 Ne4 21. Ne5 Rxc1+ 22. Rxc1 Nxe5 23. dxe5 Qb4 24. Qa1 Nd2 25. Nb6 Nb3 26. Rb1 Nxa1 27. Rxb4 axb4 28. Nxa8 Nb3 {Pang,T (2430)-Grover,S (2503) Budapest HUN 2024 1-0 (44)}) ({RR} 14. Rac1 Qe7 15. Rfe1 Rfe8 16. b3 Nh5 17. Qd2 Qf6 18. Nh2 Ng7 19. Ne2 Bf5 20. Nf4 Bxd3 21. Nxd3 Nf5 22. Ng4 Qe7 23. Nde5 Nxe5 24. Nxe5 Qf6 25. e4 dxe4 26. Rxe4 Re7 27. Ng4 Qd6 28. Rxe7 Nxe7 {Velten,P (2475)-Idani,P (2609) Cappelle la Grande FRA 2024 ½-½ (33)}) 14... Nh5 15. b4 Ng7 16. Qb1 Bf5 17. Bxf5 Nxf5 18. a4 Rfc8 19. e4 dxe4 20. Nxe4 Qd5 $6 {Inaccuracy. Qe7 was best.} (20... Qe7 21. d5) 21. Ne5 Kg7 22. Nc3 Qd6 23. Nxd7 Qxd7 24. d5 Re8 $2 {Mistake. Nd6 was best.} (24... Nd6) 25. Qb2 $4 {Blunder. d6 was best.} (25. d6) 25... f6 1/2-1/2